Italian Word Quiz - Statistics

General Stats
  • This quiz has been taken 25 times
  • The average score is 9 of 14
Answer Stats
Hint Answer % Correct
Per Favore Please
95%
Yes
86%
uno a/one
82%
ma but
82%
è is
77%
Questo This
73%
Caldo Hot
68%
Di Of/by
64%
cosa what
64%
Da From
45%
Quello That
45%
Parola Word
45%
alcuni some
36%
avere to have
32%
No matching quizzes found
Score Distribution
Percent of People with Each Score
Percentile by Number Answered
Your Score History
You have not taken this quiz